000 00257nam a2200097Ia 4500
001 685006
005 20250826161509.0
008 250824s9999 xx 000 0 und d
245 0 _aBİN MUHTEŞEM GÜNEŞ/K.HOSSEINI/EVEREST
_cKHALED HOSSEINI
260 _bEVEREST
999 _c685006
_d685006